[Event "2BLS 1718 OSG Baden Baden II - TSV SchÃ"]
[Site "?"]
[Date "2017.11.12"]
[Round "4.3"]
[White "Hirneise, Jens"]
[Black "Burri, Quentin"]
[Result "1-0"]
[WhiteElo "2359"]
[BlackElo "2393"]
[PlyCount "79"]
[EventDate "2017.??.??"]

1. e4 c5 2. Nf3 d6 3. d4 cxd4 4. Nxd4 Nf6 5. Nc3 a6 6. Bd3 g6 7. O-O Bg7 8. Re1
O-O 9. Bf1 Bg4 10. f3 Bd7 11. Be3 Nc6 12. Qd2 Rc8 13. Rad1 b5 14. Nxc6 Bxc6 15.
Nd5 e6 16. Nb6 Rc7 17. Qxd6 Qxd6 18. Rxd6 Rb8 19. c4 Bf8 20. Rdd1 Be8 21. e5
Nh5 22. cxb5 axb5 23. Rc1 Rcb7 24. Nc8 Ra8 25. Red1 Rbb8 26. Rd8 Ng7 27. Bh6
Nf5 28. Rxe8 Nxh6 29. Ne7+ Kg7 30. Rxb8 Rxb8 31. Nc6 Rb6 32. b4 Nf5 33. a3 Ne3
34. Nd4 Nxf1 35. Kxf1 g5 36. Ke2 Rb8 37. g3 Kg6 38. Ke3 h5 39. Ke4 Rd8 40. Rc6
1-0

[Event "2BLS 1718 OSG Baden Baden II - TSV SchÃ"]
[Site "?"]
[Date "2017.11.12"]
[Round "4.4"]
[White "Schmaltz, Roland"]
[Black "Menezes, Christoph"]
[Result "1/2-1/2"]
[WhiteElo "2489"]
[BlackElo "2373"]
[PlyCount "78"]
[EventDate "2017.??.??"]

1. e4 c5 2. Nf3 d6 3. d4 cxd4 4. Nxd4 Nf6 5. Nc3 a6 6. h3 e5 7. Nde2 h5 8. g3
Be6 9. Bg2 Nbd7 10. a4 Be7 11. O-O Rc8 12. a5 O-O 13. Be3 Re8 14. b3 Qc7 15.
Qd2 Nc5 16. Bg5 b6 17. axb6 Qxb6 18. Qe3 Nh7 19. Bxe7 Rxe7 20. Rfd1 Nf6 21. Rd2
Rec7 22. Rad1 Rc6 23. f4 Nb7 24. Qxb6 Rxb6 25. f5 Bd7 26. g4 hxg4 27. hxg4 Bc6
28. Bf3 Nh7 29. Ng3 Ng5 30. Bg2 f6 31. Kf2 Rb4 32. Bf1 Nxe4+ 33. Ncxe4 Bxe4 34.
Nxe4 Rxe4 35. Bxa6 Rf4+ 36. Ke1 Re4+ 37. Kf2 Rf4+ 38. Ke1 Re4+ 39. Kf2 Rf4+
1/2-1/2

[Event "2BLS 1718 OSG Baden Baden II - TSV SchÃ"]
[Site "?"]
[Date "2017.11.12"]
[Round "4.5"]
[White "Schnadt, Florian"]
[Black "Drabke, Lorenz Maximilian"]
[Result "1/2-1/2"]
[WhiteElo "2112"]
[BlackElo "2453"]
[PlyCount "120"]
[EventDate "2017.??.??"]

1. d4 d5 2. c4 c6 3. Nf3 Nf6 4. Nc3 dxc4 5. a4 Bf5 6. Ne5 Nbd7 7. Nxc4 Nb6 8.
Ne5 a5 9. f3 Nfd7 10. Nxd7 Nxd7 11. e4 Bg6 12. Qb3 e5 13. dxe5 Bb4 14. Be3 Nxe5
15. Rd1 Qe7 16. Be2 f6 17. O-O Bc5 18. Nb1 Bf7 19. Qc3 Bxe3+ 20. Qxe3 Qb4 21.
Qc3 Bb3 22. Rd4 Qxc3 23. bxc3 Ke7 24. Bd1 Ba2 25. Na3 Rhd8 26. Bc2 c5 27. Rxd8
Rxd8 28. Ra1 Be6 29. Rb1 Bc8 30. Kf1 Rd2 31. Rd1 Rxd1+ 32. Bxd1 Bd7 33. Ke2 g5
34. Bb3 Kd6 35. g3 c4 36. Bc2 Kc5 37. Ke3 Nd3 38. Bxd3 cxd3 39. Kxd3 Bxa4 40.
f4 Bd7 41. Nb1 Bb5+ 42. Kc2 Ba4+ 43. Kd3 b5 44. Nd2 Bd1 45. e5 fxe5 46. Ne4+
Kd5 47. fxe5 a4 48. e6 Kxe6 49. Kd2 a3 50. Kxd1 a2 51. Nc5+ Kf5 52. Nb3 Kg4 53.
h4 gxh4 54. gxh4 Kxh4 55. Kc1 h5 56. Kb2 Kg4 57. Nd2 h4 58. Kxa2 h3 59. Nf1 Kf3
60. Kb3 Kg2 1/2-1/2

[Event "2BLS 1718 OSG Baden Baden II - TSV SchÃ"]
[Site "?"]
[Date "2017.11.12"]
[Round "4.6"]
[White "Mutschnik, Illya"]
[Black "Reck, Moritz"]
[Result "1-0"]
[WhiteElo "2431"]
[BlackElo "2060"]
[PlyCount "65"]
[EventDate "2017.??.??"]

1. e4 e5 2. Nf3 Nc6 3. Bb5 a6 4. Bxc6 dxc6 5. O-O f6 6. d4 exd4 7. Nxd4 c5 8.
Ne2 Qxd1 9. Rxd1 Bg4 10. f3 Be6 11. Bf4 Bd6 12. Nbc3 Rd8 13. Rd2 g5 14. Bg3
Bxg3 15. Rxd8+ Kxd8 16. Nxg3 Ne7 17. Rd1+ Kc8 18. Nh5 Rf8 19. g4 Rf7 20. Kf2
Nc6 21. Nd5 Nd4 22. c3 Bxd5 23. exd5 Nb5 24. f4 Nd6 25. Kf3 h6 26. Re1 gxf4 27.
Kxf4 f5 28. g5 hxg5+ 29. Kxg5 Rf8 30. Nf6 Rh8 31. h4 Nf7+ 32. Kg6 Nh6 33. Kg7
1-0

[Event "2BLS 1718 OSG Baden Baden II - TSV SchÃ"]
[Site "?"]
[Date "2017.11.12"]
[Round "4.7"]
[White "Kuebler, Marcus"]
[Black "Kachiani-Gersinska, Ketino"]
[Result "0-1"]
[WhiteElo "2011"]
[BlackElo "2338"]
[PlyCount "143"]
[EventDate "2017.??.??"]

1. d4 Nf6 2. c4 d6 3. Nf3 g6 4. Nc3 Bf5 5. h3 c6 6. Bg5 Ne4 7. Nxe4 Bxe4 8. Bd2
Bxf3 9. gxf3 Bg7 10. Bc3 c5 11. Qd2 cxd4 12. Bxd4 Bxd4 13. Qxd4 Qa5+ 14. Qd2
Nc6 15. Qxa5 Nxa5 16. e3 a6 17. h4 h5 18. Rg1 e6 19. O-O-O Ke7 20. b3 Rhc8 21.
Kb1 Nc6 22. f4 a5 23. Rg5 a4 24. Rb5 Ra7 25. b4 a3 26. Bg2 Rc7 27. Rb6 Ra4 28.
Bxc6 bxc6 29. Kc2 c5 30. Kb3 Rxb4+ 31. Rxb4 cxb4 32. Kxb4 d5 33. c5 Kd7 34. Rd3
Rb7+ 35. Kxa3 Kc6 36. Rc3 f6 37. Rc1 e5 38. fxe5 fxe5 39. Rg1 Kxc5 40. Rxg6 d4
41. Rg8 Kc4 42. Rc8+ Kd3 43. exd4 exd4 44. Rc5 Ke2 45. Rxh5 d3 46. Re5+ Kxf2
47. Rd5 Ke2 48. Re5+ Kd1 49. Rd5 d2 50. h5 Kc2 51. Rc5+ Kd3 52. Rd5+ Kc3 53.
Ka4 Rh7 54. Kb5 Rxh5 55. Rxh5 d1=Q 56. Rc5+ Kb2 57. a4 Qb3+ 58. Kc6 Qxa4+ 59.
Kd5 Kb3 60. Ke5 Kb4 61. Rd5 Qa1+ 62. Ke4 Kc4 63. Re5 Qh1+ 64. Kf5 Kd4 65. Re6
Qh3+ 66. Kf6 Kd5 67. Re5+ Kd6 68. Rg5 Qe6+ 69. Kg7 Ke7 70. Rg6 Qe5+ 71. Kh6 Kf7
72. Rg4 0-1

[Event "2BLS 1718 OSG Baden Baden II - TSV SchÃ"]
[Site "?"]
[Date "2017.11.12"]
[Round "4.8"]
[White "Dinger, Florian"]
[Black "Koelle, Tobias"]
[Result "0-1"]
[WhiteElo "2333"]
[BlackElo "2008"]
[PlyCount "122"]
[EventDate "2017.??.??"]

1. e4 e5 2. Nf3 Nc6 3. Bb5 a6 4. Bxc6 dxc6 5. O-O f6 6. d4 exd4 7. Nxd4 c5 8.
Ne2 Qxd1 9. Rxd1 Bd7 10. Be3 b6 11. Nbc3 O-O-O 12. Rd2 Re8 13. Rad1 Bc6 14. f3
Ne7 15. Nf4 Ng6 16. Nxg6 hxg6 17. Bf2 Bd6 18. Bg3 Be5 19. Bxe5 Rxe5 20. h3 g5
21. Kf2 Rhe8 22. Ne2 g6 23. c4 f5 24. exf5 gxf5 25. Nc3 a5 26. Re2 Rxe2+ 27.
Nxe2 Rh8 28. Ng3 Bd7 29. Re1 Rh4 30. b3 Rd4 31. Re5 Rd2+ 32. Re2 Rd1 33. Nf1 a4
34. Re1 Rd3 35. Ke2 Rd6 36. Ne3 b5 37. Rd1 Ra6 38. Nd5 axb3 39. axb3 Ra3 40.
Rb1 Ra2+ 41. Kf1 c6 42. Nb6+ Kc7 43. Nxd7 Kxd7 44. Rd1+ Kc7 45. cxb5 cxb5 46.
Rd5 Kb6 47. Rxf5 Rb2 48. Rxg5 Rxb3 49. h4 c4 50. h5 c3 51. Ke2 b4 52. Rg8 c2
53. Kd2 Rc3 54. Kc1 b3 55. Rb8+ Kc7 56. Rb4 Rd3 57. Rxb3 Rxb3 58. Kxc2 Rb4 59.
Kd3 Kd6 60. g4 Ke5 61. Ke3 Rb3+ 0-1

[Event "2BLS 1718 SC Emmendingen - SC Böblinge"]
[Site "?"]
[Date "2017.11.12"]
[Round "4.1"]
[White "Gaehwiler, Gabriel"]
[Black "Sethuraman, S.P."]
[Result "0-1"]
[WhiteElo "2427"]
[BlackElo "2632"]
[PlyCount "60"]
[EventDate "2017.??.??"]

1. d4 d5 2. c4 e6 3. Nf3 c6 4. g3 dxc4 5. Bg2 b5 6. Ne5 Bb7 7. O-O Nd7 8. a4
Qc8 9. b3 Nxe5 10. dxe5 b4 11. Nd2 cxb3 12. Nc4 c5 13. Bxb7 Qxb7 14. Qxb3 h5
15. Rd1 Nh6 16. Qd3 Be7 17. Na5 Qc8 18. Bxh6 gxh6 19. Qf3 O-O 20. Qxh5 Kh7 21.
Rd3 c4 22. Rf3 f5 23. exf6 Bxf6 24. Rc1 c3 25. Qg4 Qc5 26. Rd1 Bg7 27. Nb3 Qe7
28. Qe4+ Kh8 29. Rfd3 Rac8 30. Re3 Rf6 0-1

[Event "2BLS 1718 SC Emmendingen - SC Böblinge"]
[Site "?"]
[Date "2017.11.12"]
[Round "4.2"]
[White "Rausis, Igors"]
[Black "Kuklin, Valentin"]
[Result "1-0"]
[WhiteElo "2632"]
[BlackElo "2380"]
[PlyCount "55"]
[EventDate "2017.??.??"]

1. e4 e6 2. d4 d5 3. Nd2 Nf6 4. e5 Nfd7 5. c3 c5 6. Bd3 Nc6 7. Ne2 cxd4 8. cxd4
f6 9. exf6 Nxf6 10. Nf3 Bd6 11. O-O Qc7 12. Bg5 O-O 13. Rc1 Ng4 14. Ng3 Bd7 15.
Nd2 Nf6 16. Nb3 e5 17. dxe5 Bxe5 18. Nc5 Bxb2 19. Bxf6 Bxc1 20. Qh5 Bh6 21.
Qxd5+ Rf7 22. Bxh7+ Kf8 23. Bb2 Rd8 24. Ba3 Ne7 25. Nxb7 Rb8 26. Re1 Be6 27.
Qxe6 Rxb7 28. Bxe7+ 1-0

[Event "2BLS 1718 SC Emmendingen - SC Böblinge"]
[Site "?"]
[Date "2017.11.12"]
[Round "4.3"]
[White "Vujic, Branimir"]
[Black "Hera, Imre"]
[Result "0-1"]
[WhiteElo "2347"]
[BlackElo "2619"]
[PlyCount "78"]
[EventDate "2017.??.??"]

1. d4 Nf6 2. Nf3 b6 3. e3 Bb7 4. Nbd2 c5 5. Bd3 g6 6. O-O Bg7 7. b3 O-O 8. Bb2
cxd4 9. exd4 Nc6 10. a3 d5 11. Ne5 Nxe5 12. dxe5 Nd7 13. Re1 Qc7 14. Nf3 Rac8
15. b4 d4 16. Bxd4 Bxf3 17. Qxf3 Nxe5 18. Qe4 Nxd3 19. cxd3 Bxd4 20. Qxd4 e6
21. h4 Rfd8 22. Qe3 Qd6 23. Red1 Rc3 24. Qg5 Qd5 25. Qe7 Rd7 26. Qe8+ Kg7 27.
Rac1 Rdc7 28. Rxc3 Rxc3 29. a4 Qb3 30. Re1 Qxb4 31. Re4 Rc1+ 32. Kh2 Qd6+ 33.
g3 Qd5 34. Qe7 Rf1 35. Kg2 Rd1 36. Kh2 Rxd3 37. Rf4 e5 38. Rf6 Rd1 39. f3 Qd2+
0-1

[Event "2BLS 1718 SC Emmendingen - SC Böblinge"]
[Site "?"]
[Date "2017.11.12"]
[Round "4.4"]
[White "Korpa, Bence"]
[Black "Ortmann, David"]
[Result "1/2-1/2"]
[WhiteElo "2482"]
[BlackElo "2312"]
[PlyCount "111"]
[EventDate "2017.??.??"]

1. Nf3 d5 2. g3 Bg4 3. Bg2 Nd7 4. c4 e6 5. cxd5 exd5 6. h3 Bxf3 7. Bxf3 Ngf6 8.
d3 c6 9. O-O Bc5 10. e3 O-O 11. Bg2 Re8 12. Nd2 Nf8 13. Nf3 Ne6 14. Qc2 Qe7 15.
a3 a5 16. b3 h6 17. Bb2 Rad8 18. Rfe1 Bb6 19. Nh4 d4 20. e4 Qc5 21. Qd1 g6 22.
Bc1 Kh7 23. Bd2 Qf8 24. b4 axb4 25. axb4 Ra8 26. Qb3 Rxa1 27. Rxa1 Ra8 28. Rxa8
Qxa8 29. e5 Nd7 30. f4 Bd8 31. Be4 Qa1+ 32. Kg2 Bxh4 33. gxh4 Kg7 34. h5 Ndf8
35. f5 gxf5 36. Bxf5 Nd8 37. Qc2 Nfe6 38. Bc1 Qc3 39. Qd1 Qxb4 40. Qg4+ Kh8 41.
Bxh6 Qb2+ 42. Kg1 Qb1+ 43. Kf2 Qb2+ 44. Qe2 Qxe2+ 45. Kxe2 b5 46. Bc1 c5 47.
Be4 Kg8 48. h6 Nf8 49. h4 Nde6 50. Bc6 Ng6 51. Bxb5 Nxh4 52. Bc4 Ng6 53. Ba3
Nxe5 54. Bxe6 fxe6 55. Bxc5 Ng4 56. Bxd4 1/2-1/2

[Event "2BLS 1718 SC Emmendingen - SC Böblinge"]
[Site "?"]
[Date "2017.11.12"]
[Round "4.5"]
[White "Tran, Thanh Kien"]
[Black "Sokolov, Andrei"]
[Result "1/2-1/2"]
[WhiteElo "2224"]
[BlackElo "2496"]
[PlyCount "45"]
[EventDate "2017.??.??"]

1. d4 Nf6 2. c4 e6 3. Nc3 Bb4 4. f3 c5 5. d5 O-O 6. e4 d6 7. Nge2 Re8 8. Ng3 b5
9. Bf4 exd5 10. cxd5 c4 11. Be2 Qb6 12. a4 Bd7 13. axb5 Bxb5 14. Nf5 Nbd7 15.
Be3 Qc7 16. O-O a6 17. Qd2 Bc5 18. Kh1 Bxe3 19. Qxe3 g6 20. Qg5 Kh8 21. Nh6 Kg7
22. Nf5+ Kh8 23. Nh6 1/2-1/2

[Event "2BLS 1718 SC Emmendingen - SC Böblinge"]
[Site "?"]
[Date "2017.11.12"]
[Round "4.6"]
[White "Cvitan, Ognjen"]
[Black "Schuh, Karsten"]
[Result "1-0"]
[WhiteElo "2478"]
[BlackElo "2219"]
[PlyCount "63"]
[EventDate "2017.??.??"]

1. d4 f5 2. g3 Nf6 3. Bg2 g6 4. Nf3 Bg7 5. O-O O-O 6. b3 d6 7. Bb2 Ne4 8. Nbd2
Nc6 9. Ne1 d5 10. Ndf3 f4 11. c4 e6 12. Nd3 fxg3 13. hxg3 Ne7 14. e3 c6 15.
Nfe5 Nd6 16. Qe2 a5 17. a4 Nef5 18. Ba3 Re8 19. Rad1 Qc7 20. Rc1 Qd8 21. Rfd1
Nf7 22. Bb2 Nxe5 23. Nxe5 Nd6 24. Ba3 Nf7 25. Nxf7 Kxf7 26. e4 dxe4 27. Qe3 Qf6
28. Bd6 Bd7 29. Bxe4 Kg8 30. Kg2 Rac8 31. c5 Qf7 32. Be5 1-0

[Event "2BLS 1718 SC Emmendingen - SC Böblinge"]
[Site "?"]
[Date "2017.11.12"]
[Round "4.7"]
[White "Bauer, Peter"]
[Black "Miezis, Normunds"]
[Result "0-1"]
[WhiteElo "2199"]
[BlackElo "2420"]
[PlyCount "60"]
[EventDate "2017.??.??"]

1. e4 c5 2. Nf3 e6 3. d4 cxd4 4. Nxd4 a6 5. c4 Nf6 6. Nc3 Bb4 7. Qd3 O-O 8. Be2
d6 9. O-O Nbd7 10. f3 Ne5 11. Qd1 Qc7 12. Bg5 Bxc3 13. bxc3 Nfd7 14. f4 Nxc4
15. Bxc4 Qxc4 16. Be7 Re8 17. Bxd6 b5 18. Qb3 Nb6 19. Rae1 Bb7 20. Re3 Rad8 21.
Bb4 Rc8 22. Rfe1 Nd7 23. h3 Nf6 24. Kh2 Qc7 25. g3 Red8 26. a4 a5 27. Nxb5 Qb6
28. Be7 Rd2+ 29. Kg1 Nxe4 30. c4 Nxg3 0-1

[Event "2BLS 1718 SC Emmendingen - SC Böblinge"]
[Site "?"]
[Date "2017.11.12"]
[Round "4.8"]
[White "Lodici, Lorenzo"]
[Black "Schwab, Matthias"]
[Result "1-0"]
[WhiteElo "2407"]
[BlackElo "2148"]
[PlyCount "57"]
[EventDate "2017.??.??"]

1. d4 d5 2. c4 e6 3. Nc3 Nf6 4. cxd5 exd5 5. Bg5 Be7 6. e3 c6 7. Qc2 Nbd7 8.
Bd3 h6 9. Bh4 Nh5 10. Bxe7 Qxe7 11. Nge2 Nb6 12. O-O O-O 13. Rfe1 Be6 14. Nc1
Rad8 15. Nb3 Bc8 16. a4 a6 17. a5 Na8 18. Nc5 f5 19. Nb1 Rde8 20. Nd2 Nf6 21.
Nf3 Ne4 22. b4 Nc7 23. Ne5 Rf6 24. f3 Nxc5 25. bxc5 Ref8 26. e4 Qd8 27. exf5
Nb5 28. Bxb5 axb5 29. g4 1-0

[Event "2BLS 1718 SC Untergromba - SC Böblinge"]
[Site "?"]
[Date "2017.12.09"]
[Round "5.1"]
[White "Gaehwiler, Gabriel"]
[Black "Brunner, Nicolas"]
[Result "1/2-1/2"]
[WhiteElo "2426"]
[BlackElo "2449"]
[PlyCount "34"]
[EventDate "2017.??.??"]

1. d4 d5 2. c4 c6 3. Nf3 Nf6 4. Nc3 e6 5. g3 Nbd7 6. Bg2 dxc4 7. O-O Be7 8. e4
O-O 9. Bf4 Nh5 10. Be3 Nhf6 11. a4 e5 12. dxe5 Ng4 13. Bf4 Qa5 14. Qd2 Bb4 15.
Qd4 Qc5 16. Ne2 Re8 17. Rfc1 Qxd4 1/2-1/2

[Event "2BLS 1718 SC Untergromba - SC Böblinge"]
[Site "?"]
[Date "2017.12.09"]
[Round "5.2"]
[White "Velten, Paul"]
[Black "Kuklin, Valentin"]
[Result "1-0"]
[WhiteElo "2456"]
[BlackElo "2377"]
[PlyCount "153"]
[EventDate "2017.??.??"]

1. d4 Nf6 2. c4 c5 3. d5 e6 4. Nc3 exd5 5. cxd5 d6 6. h3 g6 7. Bf4 a6 8. e4 b5
9. Bd3 Bg7 10. Nf3 O-O 11. O-O Re8 12. Re1 Qb6 13. Rc1 Nbd7 14. a3 Nh5 15. Be3
Qd8 16. b4 Bb7 17. Bb1 Rc8 18. Qb3 Ne5 19. Nxe5 Bxe5 20. Ne2 cxb4 21. Qxb4 Qh4
22. a4 Bxd5 23. Qd2 Rxc1 24. Rxc1 Bxe4 25. Bg5 Bf4 26. Bxf4 Bxb1 27. Rxb1 Rxe2
28. Qxe2 Nxf4 29. Qe8+ Kg7 30. axb5 Qg5 31. Qe4 axb5 32. g3 Nh5 33. Qd3 Nf6 34.
Qxd6 Qf5 35. Rb4 Qxh3 36. Qe5 Qc8 37. Qb2 Qe6 38. Rxb5 Kh6 39. Qd2+ Kg7 40. Qb2
Kh6 41. Qd4 Ng4 42. Rb1 Ne5 43. Qe3+ Kg7 44. Rb3 Ng4 45. Qxe6 fxe6 46. Rb7+ Kf6
47. Rxh7 g5 48. f3 Ne5 49. Kf2 Kg6 50. Re7 Kf6 51. Re8 Kf7 52. Ra8 Kf6 53. Ke3
Nc4+ 54. Kd3 Nd6 55. Ke2 Nf5 56. Kf2 Kg6 57. Kg2 Ne3+ 58. Kh3 Kf5 59. Ra5+ Kf6
60. Rc5 Nd5 61. Rc8 Ne3 62. Rg8 Kf5 63. f4 gxf4 64. Rf8+ Kg5 65. Rxf4 Nf5 66.
Rg4+ Kf6 67. Re4 e5 68. Re1 Nd6 69. Kg4 Ke6 70. Kg5 Nf5 71. g4 Nd4 72. Kg6 Kd5
73. g5 e4 74. Kf6 Nf3 75. Rd1+ Kc4 76. g6 e3 77. Rc1+ 1-0

[Event "2BLS 1718 SC Untergromba - SC Böblinge"]
[Site "?"]
[Date "2017.12.09"]
[Round "5.3"]
[White "Vujic, Branimir"]
[Black "Rogic, Davor"]
[Result "0-1"]
[WhiteElo "2328"]
[BlackElo "2506"]
[PlyCount "66"]
[EventDate "2017.??.??"]

1. d4 d5 2. Bf4 Nf6 3. e3 e6 4. Nd2 c5 5. c3 Nc6 6. Ngf3 Bd6 7. dxc5 Bxc5 8.
Bd3 O-O 9. O-O h6 10. Ne5 Bd6 11. Nxc6 bxc6 12. Bxd6 Qxd6 13. Qe2 Rd8 14. Rad1
e5 15. e4 Bg4 16. f3 Be6 17. Rfe1 Rab8 18. exd5 cxd5 19. Nb3 e4 20. Bb1 exf3
21. gxf3 Bh3 22. Qe5 Qb6+ 23. Qd4 Qc7 24. Re5 a5 25. Rde1 Rdc8 26. R1e2 Bd7 27.
Rg2 a4 28. Re6 Kf8 29. Rxg7 Bxe6 30. Qxf6 axb3 31. Rh7 Ke8 32. axb3 Qe7 33. Qe5
Qg5+ 0-1

[Event "2BLS 1718 SC Untergromba - SC Böblinge"]
[Site "?"]
[Date "2017.12.09"]
[Round "5.4"]
[White "Maier, Christian"]
[Black "Ortmann, David"]
[Result "0-1"]
[WhiteElo "2393"]
[BlackElo "2305"]
[PlyCount "106"]
[EventDate "2017.??.??"]

1. e4 e6 2. d4 d5 3. Nc3 Nc6 4. Nge2 dxe4 5. Nxe4 Be7 6. c3 Nf6 7. N2g3 Nxe4 8.
Nxe4 Qd5 9. Qf3 O-O 10. Nd2 Qxf3 11. Nxf3 Bd6 12. Bb5 Bd7 13. O-O a6 14. Ba4 h6
15. Rd1 Rad8 16. Be3 Na5 17. Bc2 Nc4 18. Bc1 Bc6 19. b3 Bxf3 20. gxf3 Nb6 21.
c4 Be7 22. Bf4 Rd7 23. d5 Bf6 24. Rac1 Bg5 25. Bxg5 hxg5 26. dxe6 fxe6 27. Be4
c6 28. Rxd7 Nxd7 29. c5 Ne5 30. Kg2 Rd8 31. Kg3 Rd4 32. h3 Kf7 33. Rc2 a5 34.
a3 Kf6 35. Rb2 Rd1 36. f4 gxf4+ 37. Kxf4 Rd3 38. f3 Rc3 39. h4 Rxc5 40. b4 Rc4
41. Kg3 a4 42. b5 Rc3 43. bxc6 bxc6 44. Rb7 Rxa3 45. Ra7 Ra1 46. h5 a3 47. f4
Nc4 48. Bxc6 a2 49. Kh2 Nd6 50. Bd7 Nf5 51. Be8 Ne7 52. Kg2 Kf5 53. Ba4 Rc1 0-1

[Event "2BLS 1718 SC Untergromba - SC Böblinge"]
[Site "?"]
[Date "2017.12.09"]
[Round "5.5"]
[White "Tran, Thanh Kien"]
[Black "Fuchs, Heinz"]
[Result "1-0"]
[WhiteElo "2222"]
[BlackElo "2267"]
[PlyCount "80"]
[EventDate "2017.??.??"]

1. d4 d5 2. c4 c6 3. Nc3 Nf6 4. Nf3 e6 5. e3 Nbd7 6. Qc2 Bd6 7. Bd3 dxc4 8.
Bxc4 b5 9. Bd3 Bb7 10. O-O a6 11. Rd1 Qc7 12. Bd2 O-O 13. b4 a5 14. a3 axb4 15.
axb4 e5 16. Rac1 Rac8 17. h3 exd4 18. Nxd4 g6 19. Ne4 Be5 20. Nf3 Nxe4 21. Bxe4
Bg7 22. Nd4 Qb6 23. Nb3 Ne5 24. Nc5 Rfd8 25. Bc3 Ba8 26. Bd4 Qc7 27. Qc3 Qe7
28. f4 f5 29. Bxe5 Bxe5 30. fxe5 fxe4 31. e6 Rd5 32. Nxe4 Rf8 33. Rf1 Rdf5 34.
Nc5 Qg5 35. Rxf5 Qxf5 36. Qc2 Qe5 37. Qc3 Qg3 38. Rf1 Rxf1+ 39. Kxf1 Qh4 40.
Qa3 Qf6+ 1-0

[Event "2BLS 1718 SC Untergromba - SC Böblinge"]
[Site "?"]
[Date "2017.12.09"]
[Round "5.6"]
[White "Sieglen, Joachim"]
[Black "Bauer, Peter"]
[Result "1/2-1/2"]
[WhiteElo "2217"]
[BlackElo "2194"]
[PlyCount "69"]
[EventDate "2017.??.??"]

1. d4 d5 2. c4 c6 3. Nf3 Nf6 4. e3 Bg4 5. Nc3 e6 6. Qb3 Qb6 7. Nh4 Bh5 8. h3
Qxb3 9. axb3 Bb4 10. Bd2 Nbd7 11. g4 Bg6 12. Nxg6 hxg6 13. Bg2 O-O 14. g5 Ne8
15. h4 Nd6 16. Ne4 Bxd2+ 17. Nxd2 Nf5 18. Ke2 Rfe8 19. h5 gxh5 20. Rxh5 g6 21.
Rh3 Kg7 22. Kd3 Red8 23. Rah1 Rh8 24. Rxh8 Rxh8 25. Rxh8 Kxh8 26. e4 dxe4+ 27.
Nxe4 Kg7 28. b4 b6 29. f4 Kf8 30. Nf6 Ke7 31. Bxc6 Nxf6 32. gxf6+ Kxf6 33. c5
Ne7 34. Be4 Nd5 35. Bxd5 1/2-1/2

[Event "2BLS 1718 SC Untergromba - SC Böblinge"]
[Site "?"]
[Date "2017.12.09"]
[Round "5.7"]
[White "Bathray, Johannes"]
[Black "Schneider, Bernd"]
[Result "1-0"]
[WhiteElo "2161"]
[BlackElo "2278"]
[PlyCount "115"]
[EventDate "2017.??.??"]

1. d4 Nf6 2. c4 e6 3. Nc3 Bb4 4. Qc2 c5 5. dxc5 Bxc5 6. Nf3 a6 7. Bg5 h6 8. Bh4
Nc6 9. e3 Be7 10. Rd1 b6 11. Be2 Bb7 12. O-O Rc8 13. Rd2 Qc7 14. Rfd1 d6 15.
Bg3 e5 16. Nd5 Nxd5 17. cxd5 Nb8 18. Qxc7 Rxc7 19. Nxe5 b5 20. a4 O-O 21. axb5
axb5 22. Nc6 Nxc6 23. dxc6 Rxc6 24. Bf3 Rc7 25. Bxb7 Rxb7 26. Bxd6 Bxd6 27.
Rxd6 Rc7 28. g4 Rc2 29. R1d2 Rfc8 30. b4 Rc1+ 31. Rd1 R1c4 32. Rd8+ Rxd8 33.
Rxd8+ Kh7 34. Rd4 Rc1+ 35. Kg2 Rb1 36. h4 Kg6 37. h5+ Kf6 38. Kf3 Rb2 39. Rf4+
Ke6 40. Re4+ Kd6 41. Kg3 Rb1 42. Kf4 Rc1 43. Rd4+ Ke6 44. Ke4 Rc3 45. f3 Rb3
46. f4 f6 47. f5+ Ke7 48. Kd5 Rxe3 49. Kc6 Re5 50. Rd7+ Kf8 51. Rd5 Re4 52.
Kxb5 Ke7 53. Kc5 Rxg4 54. b5 Rg1 55. Kc6 Rc1+ 56. Rc5 Rb1 57. b6 Kd8 58. b7 1-0

[Event "2BLS 1718 SC Untergromba - SC Böblinge"]
[Site "?"]
[Date "2017.12.09"]
[Round "5.8"]
[White "Cofman, Veaceslav"]
[Black "Schwab, Matthias"]
[Result "1-0"]
[WhiteElo "2185"]
[BlackElo "2150"]
[PlyCount "53"]
[EventDate "2017.??.??"]

1. d4 d5 2. c4 e6 3. Nc3 Nf6 4. Bg5 Be7 5. e3 Nbd7 6. Qc2 h6 7. Bf4 c6 8. h3
O-O 9. Nf3 dxc4 10. Bxc4 b5 11. Be2 Bb7 12. O-O a6 13. Rfd1 Rc8 14. Ne5 Qb6 15.
Ne4 c5 16. Nxd7 Nxd7 17. dxc5 Nxc5 18. Nd6 Bxd6 19. Rxd6 Qa5 20. Qd1 Bd5 21.
Bf3 Bxa2 22. b4 Qxb4 23. Rxa2 a5 24. Rd4 Qc3 25. Rc2 Qa3 26. Bd6 Rfd8 27. Bb7
1-0

[Event "2BLS 1718 SC Eppingen - TSV Schönaich"]
[Site "?"]
[Date "2017.12.09"]
[Round "5.1"]
[White "Ivanisevic, Ivan"]
[Black "Noe, Christopher"]
[Result "1/2-1/2"]
[WhiteElo "2571"]
[BlackElo "2468"]
[PlyCount "120"]
[EventDate "2017.??.??"]

1. d4 Nf6 2. c4 e6 3. Nc3 Bb4 4. Qc2 O-O 5. Nf3 c5 6. dxc5 Na6 7. g3 Nxc5 8.
Bg2 Nce4 9. O-O Nxc3 10. bxc3 Be7 11. e4 d6 12. e5 dxe5 13. Nxe5 Qc7 14. Qe2
Bd6 15. Bf4 Ne8 16. c5 Qxc5 17. Rfd1 f6 18. Nd3 Qc4 19. Qb2 Rb8 20. Be3 b6 21.
Qb3 Qxb3 22. axb3 Rf7 23. Nb4 Bb7 24. Nc6 Bxc6 25. Bxc6 Be5 26. Bd7 Nc7 27. f4
Rd8 28. fxe5 Rfxd7 29. Rxd7 Rxd7 30. Rxa7 Rd1+ 31. Kf2 Nd5 32. exf6 gxf6 33.
Bh6 Nxc3 34. Rg7+ Kh8 35. Rc7 Ne4+ 36. Kf3 Nd6 37. Ke2 Rd5 38. Bg7+ Kg8 39.
Bxf6 Ne8 40. Rc8 Kf7 41. Bc3 Nf6 42. Rc7+ Nd7 43. g4 Kg6 44. Rc6 Kf7 45. h4 Rc5
46. Rxc5 Nxc5 47. b4 Nd7 48. Kd3 b5 49. Ke4 h6 50. Bd2 Kg6 51. h5+ Kh7 52. Bf4
Kg7 53. Bd6 Kh7 54. Kf4 Kg7 55. g5 hxg5+ 56. Kxg5 Kh7 57. Be7 Ne5 58. Bf6 Nd3
59. Bc3 e5 60. Bd2 e4 1/2-1/2

[Event "2BLS 1718 SC Eppingen - TSV Schönaich"]
[Site "?"]
[Date "2017.12.09"]
[Round "5.2"]
[White "Mesaros, Florian"]
[Black "Bosiocic, Marin"]
[Result "0-1"]
[WhiteElo "2409"]
[BlackElo "2624"]
[PlyCount "75"]
[EventDate "2017.??.??"]

1. Nf3 d5 2. d4 Nf6 3. c4 e6 4. Nc3 a6 5. cxd5 exd5 6. Bg5 Be6 7. e3 Nbd7 8.
Bd3 Bd6 9. Qb3 b5 10. Qc2 c5 11. dxc5 Nxc5 12. Bf5 Rc8 13. Rd1 Qd7 14. Bxe6
fxe6 15. Bxf6 gxf6 16. O-O O-O 17. Qd2 Kh8 18. Qd4 Qg7 19. a3 Rg8 20. g3 Be5
21. Qb4 Nb7 22. Nd4 Qg4 23. Kg2 Bd6 24. Qb3 Rg6 25. Rd2 Rh6 26. f4 Bc5 27. Qd1
Qh3+ 28. Kg1 Nd6 29. Qf3 Nc4 30. Re2 Ba7 31. Nd1 Nxe3 32. Qxe3 Rc4 33. Qf3
Bxd4+ 34. Kh1 Rc1 35. Rfe1 e5 36. Qxd5 Qxg3 37. Qa8+ Qg8 38. Qe4 0-1

[Event "2BLS 1718 SC Eppingen - TSV Schönaich"]
[Site "?"]
[Date "2017.12.09"]
[Round "5.3"]
[White "Saric, Ante"]
[Black "Medvegy, Zoltan"]
[Result "1/2-1/2"]
[WhiteElo "2540"]
[BlackElo "2539"]
[PlyCount "40"]
[EventDate "2017.??.??"]

1. Nf3 Nf6 2. c4 e6 3. g3 b6 4. Bg2 Bb7 5. O-O c5 6. b3 Be7 7. Bb2 O-O 8. Nc3
d5 9. Ne5 Nc6 10. Nxc6 Bxc6 11. d4 Rc8 12. cxd5 Nxd5 13. Nxd5 Bxd5 14. e4 Bc6
15. d5 exd5 16. exd5 Bb5 17. Re1 Bf6 18. Qd2 Bxb2 19. Qxb2 Qd6 20. Re3 Rfe8
1/2-1/2

[Event "2BLS 1718 SC Eppingen - TSV Schönaich"]
[Site "?"]
[Date "2017.12.09"]
[Round "5.4"]
[White "Guliyev, Namig"]
[Black "Hirneise, Tobias"]
[Result "1/2-1/2"]
[WhiteElo "2547"]
[BlackElo "2466"]
[PlyCount "83"]
[EventDate "2017.??.??"]

1. e4 e5 2. Nf3 Nc6 3. Bb5 Nf6 4. O-O Nxe4 5. Re1 Nd6 6. Nxe5 Be7 7. Bf1 Nxe5
8. Rxe5 O-O 9. d4 Ne8 10. d5 d6 11. Re1 Bg5 12. Nc3 Bxc1 13. Rxc1 Nf6 14. Qd4
Bd7 15. h3 Re8 16. g4 h6 17. Bg2 Re7 18. f4 Qe8 19. Kf2 Nh7 20. Bf3 f5 21. Rg1
fxg4 22. hxg4 Qf7 23. Rce1 Rf8 24. Rxe7 Qxe7 25. Ne2 Qh4+ 26. Ke3 Nf6 27. Kd2
Nxg4 28. Qxa7 Nh2 29. Qe3 Bb5 30. Qe6+ Kh8 31. Be4 Qf2 32. Qg6 Nf1+ 33. Rxf1
Qxe2+ 34. Kc3 Qc4+ 35. Kd2 Qe2+ 36. Kc3 Qe3+ 37. Bd3 Qc5+ 38. Kb3 Bxd3 39. Qxd3
Qb6+ 40. Kc3 Ra8 41. a3 Kg8 42. Qd4 1/2-1/2